| 000 | 00686nam a22002537a 4500 | ||
|---|---|---|---|
| 005 | 20230505094944.0 | ||
| 008 | 230327b ||||| |||| 00| 0 eng d | ||
| 040 | _cAL | ||
| 041 | _aeng | ||
| 082 |
_a535/25 _bKHAT |
||
| 100 |
_aN S Khare and others _998455 |
||
| 245 | _aTextbook of Magnetism and Electricity | ||
| 250 | _a7 | ||
| 260 |
_aDelhi _bAtma Ram & Sons _c1969 |
||
| 300 |
_axi,832p. _bHB _c21x14cm. |
||
| 365 | _2Physics | ||
| 650 |
_aMagnetism _978363 |
||
| 650 |
_aElectrostatics _978364 |
||
| 650 |
_aModern Electricity _978365 |
||
| 650 |
_aRadio Communication _978366 |
||
| 700 |
_aKHARE (N S) _978367 |
||
| 700 |
_aSRIVASTAVA (S S) _978362 |
||
| 942 |
_2ddc _cBB |
||
| 999 |
_c227084 _d227084 |
||